| 000 | 00612nam a2200229Ia 4500 | ||
|---|---|---|---|
| 003 | OSt | ||
| 005 | 20220918203858.0 | ||
| 006 | a|||||r|||| 00| 0 | ||
| 007 | ta | ||
| 008 | 220917b |||||||| |||| 00| 0 eng d | ||
| 024 | _a110,140 | ||
| 037 | _cTextual | ||
| 040 |
_aARTS _cARTS _beng |
||
| 041 |
_2eng _aeng |
||
| 082 | _aV41:19:N5, H9 | ||
| 100 |
_aFriters Gerard M _9109996 |
||
| 245 | 0 | _aOuter Mongolia and its international position ed by Eleanor Lattimore | |
| 260 | _c1949 | ||
| 650 | _aHISTORY | ||
| 942 |
_hV41:19:N5, H9 _cTEXL _2CC |
||
| 999 |
_c233490 _d233490 |
||